Progress and its impact on the Nagas : a clash of worldviews /

Bibliographic Details
Main Author: Thong, Tezenlo (Author)
Corporate Author: ebrary, Inc
Format: eBook
Language:English
Published: Farnham, Surrey, England : Ashgate Publishing Limited, [2014]
Series:Vitality of indigenous religions.
Subjects:
Online Access:Connect to the full text of this electronic book

MARC

Tag First Indicator Second Indicator Subfields
LEADER 00000cam a2200000Ii 4500
001 in00003435708
006 m o d
007 cr un|
008 140225s2014 enk ob 001 0 eng d
005 20250816210444.1
020 |a 9781409468219  |q (electronic bk.) 
020 |a 1409468216  |q (electronic bk.) 
020 |a 9781409468226  |q (electronic bk.) 
020 |a 1409468224  |q (electronic bk.) 
020 |z 9781409468202  |q (hbk) 
020 |a 1306284279 
020 |a 9781306284271 
035 |a (NhCcYBP)ebr10812263 
040 |a NhCcYBP  |c NhCcYBP  |d UtOrBLW 
043 |a a-ii--- 
050 4 |a DS432.N3  |b T48 2014 
072 7 |a SOC  |x 031000  |2 bisacsh 
072 7 |a SOC  |x 020000  |2 bisacsh 
082 0 4 |a 305.895 
100 1 |a Thong, Tezenlo,  |e author. 
245 1 0 |a Progress and its impact on the Nagas :  |b a clash of worldviews /  |c Tezenlo Thong. 
264 1 |a Farnham, Surrey, England :  |b Ashgate Publishing Limited,  |c [2014] 
300 |a 1 online resource. 
336 |a text  |b txt  |2 rdacontent 
337 |a computer  |b c  |2 rdamedia 
338 |a online resource  |b cr  |2 rdacarrier 
490 1 |a Vitality of indigenous religions 
504 |a Includes bibliographical references and index. 
505 0 |a Introduction -- The notion of progress in perspective -- The notion of progress : its application and ramifications -- The British colonization of the Nagas -- The American missionization of the Nagas -- Colonial portrait and the colonizing of the mind -- The notion of progress and contemporary Nagas -- Conclusion : the future lies in the past. 
588 |a Description based online resource; title from title page (EBL, viewed Feb. 17, 2014). 
500 |a Electronic resource. 
650 0 |a Naga (South Asian people)  |x Ethnic identity. 
650 0 |a Naga (South Asian people)  |x Cultural assimilation. 
650 0 |a Naga (South Asian people)  |x Government relations. 
650 0 |a Progress  |x Philosophy. 
650 0 |a Progress  |x Historiography. 
655 7 |a Electronic books.  |2 local 
710 2 |a ebrary, Inc. 
776 1 8 |i Print version:  |a Thong, Tezenlo.  |t Progress and its impact on the Nagas : a clash of worldviews.  |d Farnham : Ashgate Publishing Ltd, [2014]  |z 9781409468202  |w (DLC) 2013015409 
830 0 |a Vitality of indigenous religions. 
856 4 1 |u https://ebookcentral.proquest.com/lib/tamucs/detail.action?docID=1570495  |y Connect to the full text of this electronic book  |t 0 
955 |a YBP purchased DDA e-records 
980 |b 164.93  |g 1 
999 f f |s 530fd418-f021-345b-804f-e4c50cc90175  |i e3ab5b79-2df0-3ae8-8684-6aa411be82dd  |t 0 
999 |a MARS 
952 f f |a Texas A&M University  |b College Station  |c Electronic Resources  |d Available Online  |t 0  |e DS432.N3 T48 2014  |h Library of Congress classification 
998 f f |a DS432.N3 T48 2014  |t 0  |l Available Online